10 Biggest Countries in each continent - Statistics

General Stats
  • This quiz has been taken 532 times
    465 since last reset
  • The average score is 55 of 60
Answer Stats
Europe % Correct
551,695 France
99%
3,960,000 Russia
99%
13,100,000 Russia
99%
9,857,306 United States
99%
9,984,670 Canada
98%
9,597,000 China
98%
1,972,550 Mexico
98%
7,692,024 Australia
97%
8,515,767 Brazil
97%
357,168 Germany
97%
3,287,263 India
97%
505,992 Spain
97%
603,628 Ukraine
97%
2,381,740 Algeria
96%
2,780,400 Argentina
96%
756,102 Chile
96%
270,467 New Zealand
96%
385,171 Norway
96%
449,964 Sweden
96%
1,285,216 Peru
95%
1,221,037 South Africa
95%
109,884 Cuba
94%
338,145 Finland
94%
312,685 Poland
94%
916,445 Venezuela
94%
1,098,581 Bolivia
93%
301,318 Italy
93%
1,564,110 Mongolia
93%
2,149,690 Saudi Arabia
93%
1,141,748 Colombia
92%
1,472,639 Indonesia
92%
1,648,195 Iran
92%
406,750 Paraguay
92%
1,267,000 Niger
91%
74,177 Panama
91%
1,284,000 Chad
90%
276,841 Ecuador
90%
1,861,484 Sudan
90%
2,344,858 Democratic Republic of the Congo
89%
18,274 Fiji
89%
112,492 Honduras
89%
1,759,540 Libya
89%
130,375 Nicaragua
89%
796,095 Pakistan
89%
51,100 Costa Rica
88%
108,889 Guatemala
88%
2,455,034 Kazakhstan
88%
462,840 Papua New Guinea
87%
747,272 Turkey
87%
214,969 Guyana
86%
1,240,192 Mali
85%
1,246,700 Angola
83%
1,104,300 Ethiopia
83%
28,896 Solomon Islands
83%
702 Federated States of Micronesia
82%
48,442 Dominican Republic
81%
2,831 Samoa
80%
747 Tonga
80%
12,189 Vanuatu
80%
811 Kiribati
78%
No matching quizzes found
Score Distribution
Percent of People with Each Score
Percentile by Number Answered
Your Score History
You have not taken this quiz since the last reset